00620nam a2200205Ia 4500003000400000005001700004008004100021020001900062040000700081041000800088082001600096100002200112245004000134260004800174300000900222650002000231942001300251999001900264952013100283OSt20251016151734.0250729s2003 xx 000 0 und d a978-8171417452 cAL aeng a370.78 SOBC aN Sobhana9223014 aCommunicative competence in english aNew DelhibDiscovery Publishing Housec2003 a231p aEnglish9223015 2ddccBED c235708d235708 00104070aALbALd2025-07-29eSita Book Houseg185.00l0o370.78 SOBCpBED01027r2025-07-29 16:54:14v185.00w2025-07-29yBK